000 00979nam a2200265Ia 4500
999 _c54398
_d54398
001 21454
003 GE_BSU
005 20211115170430.0
008 181216s2009||||enk|||||||||||||| ||eng||
020 _a9780415542258
040 _cGE_BSU
080 _a338.46-6 S-91
245 _aSustainable Tourism Futures :
_bPerspectives on Systems, Restructuring and Innovations /
_cEdited by Stefan Gossling, C. Michael Hall and David B. Weaver
264 _aNew York :
_bRoutledge,
_c2012 (2009).
300 _a319 p. ;
_c 23 cm.
500 _aBibl. p. : 311-314 ; Index. p. : 315-319
541 _h95 Gel.
653 _aSustainable Tourism Futures : Perspectives on Systems, Restructuring and Innovations
653 _aЭкономика, Туризм
653 _aეკონომიკა, ტურიზმი
700 _bGossling, C. Stefan
_eEditor
_912924
700 _aHall, Michael
_eEditor
_912925
700 _aWeaver, David B.
_eEditor
_912926
942 _cBK
_2udc